[Event "31. Torneo San Viator 2019 - Grupo B"]
[Site "Madrid ESP"]
[Date "2019.10.13"]
[Round "5.15"]
[White "Jimenez Perez, Federico"]
[Black "Argelina Diaz, Juan A."]
[Result "0-1"]
[WhiteElo "1291"]
[BlackElo "1507"]
[PlyCount "118"]
[EventDate "2019.09.08"]
[EventType "swiss"]
[EventRounds "9"]
[EventCountry "ESP"]
[SourceTitle "Ajedrez en Madrid"]
[Source "lmi"]
[SourceDate "2019.09.08"]
[SourceVersion "1"]
[SourceVersionDate "2019.10.29"]
[SourceQuality "1"]

1. e4 e5 2. Nf3 Nc6 3. Bb5 Nd4 4. Nxd4 exd4 5. O-O a6 6. Bd3 g6 7. c3 Bg7 8.
Re1 b5 9. e5 Bb7 10. Be4 Bxe4 11. Rxe4 dxc3 12. dxc3 Ne7 13. Bg5 h6 14. Bf6 O-O
15. Nd2 Bxf6 16. exf6 Nf5 17. g4 Nd6 18. Rf4 g5 19. Rf3 Re8 20. Nb3 Re6 21. Qd5
c6 22. Qd3 Rxf6 23. Rxf6 Qxf6 24. Nd4 Re8 25. Nf5 Nxf5 26. gxf5 Re5 27. Qxd7
Rxf5 28. Qe8+ Kg7 29. Rf1 Re5 30. Qd7 Re2 31. Qg4 Rxb2 32. Qg3 Rc2 33. h4 Rxc3
34. Qg2 Qf4 35. hxg5 Qxg5 36. Qxg5+ hxg5 37. Rd1 a5 38. Kg2 Kg6 39. Rd6+ f6 40.
f3 Kf5 41. Rd4 c5 42. Re4 Rc2+ 43. Kg3 Rxa2 44. Re7 c4 45. Rc7 Rb2 46. Rc5+ Kg6
47. Kg4 a4 48. f4 gxf4 49. Kxf4 a3 50. Rc8 a2 51. Rg8+ Kf7 52. Ra8 c3 53. Kf5
Rf2+ 54. Ke4 c2 55. Rxa2 c1=Q 56. Rxf2 Qe1+ 57. Kf3 b4 58. Kg2 b3 59. Kf3 Qxf2+
0-1

[Event "31. Torneo San Viator 2019 - Grupo B"]
[Site "Madrid ESP"]
[Date "2019.10.13"]
[Round "5.17"]
[White "Bergas Moreno, Francisco J"]
[Black "Gil Calvente, Jose Antonio"]
[Result "0-1"]
[WhiteElo "1325"]
[BlackElo "1666"]
[PlyCount "50"]
[EventDate "2019.09.08"]
[EventType "swiss"]
[EventRounds "9"]
[EventCountry "ESP"]
[SourceTitle "Ajedrez en Madrid"]
[Source "lmi"]
[SourceDate "2019.09.08"]
[SourceVersion "1"]
[SourceVersionDate "2019.10.29"]
[SourceQuality "1"]

1. c4 e5 2. Nc3 Nf6 3. g3 d5 4. cxd5 Nxd5 5. Bg2 Be6 6. e3 Nc6 7. d3 Ndb4 8.
Bf1 Be7 9. a3 Nd5 10. e4 Nf6 11. Nf3 O-O 12. Bg2 Qd7 13. Bf1 Bh3 14. Bxh3 Qxh3
15. Ke2 Qh5 16. h3 Nd4+ 17. Ke3 Qh6+ 18. Ng5 Qxg5+ 19. f4 Qxg3+ 20. Kd2 Qxf4+
21. Ke1 Qg3+ 22. Kd2 Qg2+ 23. Ne2 Nxe2 24. Re1 Nxe4+ 25. Kc2 N2c3+ 0-1

[Event "31. Torneo San Viator 2019 - Grupo B"]
[Site "Madrid ESP"]
[Date "2019.10.13"]
[Round "5.18"]
[White "Torrecillas Adan, Luis"]
[Black "Campos Calderon, David"]
[Result "0-1"]
[WhiteElo "1400"]
[BlackElo "1549"]
[PlyCount "38"]
[EventDate "2019.09.08"]
[EventType "swiss"]
[EventRounds "9"]
[EventCountry "ESP"]
[SourceTitle "Ajedrez en Madrid"]
[Source "lmi"]
[SourceDate "2019.09.08"]
[SourceVersion "1"]
[SourceVersionDate "2019.10.29"]
[SourceQuality "1"]

1. e4 c5 2. Bc4 d6 3. Nf3 Nf6 4. Nc3 a6 5. O-O e6 6. Re1 Be7 7. a3 O-O 8. d3
Re8 9. Bf4 b5 10. Ba2 Nc6 11. h3 Bb7 12. Qe2 Rc8 13. g4 Nd4 14. Nxd4 cxd4 15.
Nb1 e5 16. Bd2 Rxc2 17. b4 Qc7 18. Bb3 Rb2 19. Rc1 Qxc1+ 0-1

[Event "31. Torneo San Viator 2019 - Grupo B"]
[Site "Madrid ESP"]
[Date "2019.10.13"]
[Round "5.19"]
[White "Lopez Guitian, Juan J."]
[Black "Caparros Armand, M Isabel"]
[Result "0-1"]
[WhiteElo "1541"]
[BlackElo "1406"]
[PlyCount "66"]
[EventDate "2019.09.08"]
[EventType "swiss"]
[EventRounds "9"]
[EventCountry "ESP"]
[SourceTitle "Ajedrez en Madrid"]
[Source "lmi"]
[SourceDate "2019.09.08"]
[SourceVersion "1"]
[SourceVersionDate "2019.10.29"]
[SourceQuality "1"]

1. g3 Nf6 2. Bg2 g6 3. h4 Bg7 4. Nc3 O-O 5. e4 d6 6. d4 Nbd7 7. Bg5 c5 8. Nge2
h6 9. Be3 Ng4 10. Bc1 Qb6 11. Nd5 Qa5+ 12. Bd2 Qd8 13. Bc3 Nb6 14. Ba5 e6 15.
Ne3 Nxe3 16. fxe3 Qe8 17. Bc3 Na4 18. Qd2 Rb8 19. O-O-O Nxc3 20. Nxc3 b5 21.
Bf1 b4 22. Nb1 Qa4 23. Bc4 Bb7 24. Qd3 d5 25. exd5 cxd4 26. exd4 a5 27. Bb5
Qxa2 28. c4 bxc3 29. Nxc3 Rfc8 30. Kc2 Qxd5 31. Rhe1 Ba8 32. Ba4 Qc4 33. Kb1
Qxc3 0-1

[Event "31. Torneo San Viator 2019 - Grupo B"]
[Site "Madrid ESP"]
[Date "2019.10.13"]
[Round "5.20"]
[White "Garcia Rojas, Juan Carlos"]
[Black "Barragan Sanchez, Enrique"]
[Result "0-1"]
[WhiteElo "1508"]
[BlackElo "1364"]
[PlyCount "174"]
[EventDate "2019.09.08"]
[EventType "swiss"]
[EventRounds "9"]
[EventCountry "ESP"]
[SourceTitle "Ajedrez en Madrid"]
[Source "lmi"]
[SourceDate "2019.09.08"]
[SourceVersion "1"]
[SourceVersionDate "2019.10.29"]
[SourceQuality "1"]

1. e4 c6 2. Nf3 d5 3. Nc3 dxe4 4. Nxe4 Bf5 5. Ng3 Bg6 6. Bc4 e6 7. O-O Ne7 8.
Ne5 Nd7 9. Nxg6 Nxg6 10. c3 Nb6 11. Bb3 Bd6 12. Ne4 Bxh2+ 13. Kxh2 Qh4+ 14. Kg1
Qxe4 15. Re1 Qh4 16. Qf3 O-O 17. g3 Qh3 18. Re4 Nd7 19. d4 Nf6 20. Re1 Rfe8 21.
Bg5 Qh5 22. Qxh5 Nxh5 23. Bd1 Nf6 24. Bxf6 gxf6 25. Bf3 Rad8 26. Rad1 Kg7 27.
Kg2 Rd6 28. Be4 Red8 29. f4 f5 30. Bf3 b6 31. b4 Kf6 32. Rh1 Kg7 33. Kf2 h6 34.
Ke3 Ne7 35. c4 c5 36. bxc5 bxc5 37. dxc5 Rxd1 38. Rxd1 Rxd1 39. Bxd1 Nc6 40. a3
Na5 41. Kd4 Nc6+ 42. Kc3 f6 43. Bf3 Ne7 44. c6 e5 45. Bd5 exf4 46. gxf4 h5 47.
c7 h4 48. Kd2 h3 49. Ke3 h2 50. Bf3 Nc8 51. Kf2 Kf7 52. Kg2 Ke7 53. Bd5 Kd6 54.
Kxh2 Kxc7 55. Kg3 Kd6 56. Kf3 Nb6 57. Bg8 Kc5 58. Be6 Nxc4 59. Bxf5 Nxa3 60.
Ke4 Kd6 61. Bg4 a5 62. Kf5 Ke7 63. Bd1 Nb1 64. Bc2 Nc3 65. Kg4 a4 66. Kf3 a3
67. Bb3 a2 68. Bxa2 Nxa2 69. Ke4 Nc3+ 70. Kf5 Nb5 71. Ke4 Nd6+ 72. Kd5 Nf7 73.
Ke4 Nd6+ 74. Kd5 Nf5 75. Ke4 Ke6 76. Kf3 Kd5 77. Kg4 Ke4 78. Kh5 Kxf4 79. Kg6
Ke5 80. Kh5 Nd6 81. Kg4 Ke4 82. Kg3 f5 83. Kf2 Kf4 84. Kg2 Ke3 85. Kf1 f4 86.
Ke1 f3 87. Kf1 f2 0-1

[Event "31. Torneo San Viator 2019 - Grupo B"]
[Site "Madrid ESP"]
[Date "2019.10.13"]
[Round "5.21"]
[White "Periotto Miori, Caterina"]
[Black "Martin Garcia, Francisco Javier"]
[Result "1/2-1/2"]
[WhiteElo "1321"]
[BlackElo "1478"]
[PlyCount "90"]
[EventDate "2019.09.08"]
[EventType "swiss"]
[EventRounds "9"]
[EventCountry "ESP"]
[SourceTitle "Ajedrez en Madrid"]
[Source "lmi"]
[SourceDate "2019.09.08"]
[SourceVersion "1"]
[SourceVersionDate "2019.10.29"]
[SourceQuality "1"]

1. Nf3 c5 2. d4 cxd4 3. Nxd4 e5 4. Nb5 d6 5. c4 a6 6. N5a3 Nf6 7. Nc3 Be6 8. e4
Nc6 9. Nc2 Be7 10. Bd3 Rc8 11. b3 O-O 12. O-O Ne8 13. Ne3 Nb4 14. Be2 Bg5 15.
a3 Nc6 16. Ned5 f5 17. f4 exf4 18. Nxf4 Bxf4 19. Bxf4 fxe4 20. Nxe4 Ne5 21.
Nxd6 Rxf4 22. Rxf4 Nxd6 23. Rd4 Qb6 24. Kh1 Ndf7 25. Rd2 Rd8 26. Raa2 Rxd2 27.
Rxd2 g6 28. Bf3 Nxf3 29. Qxf3 Kg7 30. Qc3+ Kg8 31. h3 Qc6 32. Re2 Bf5 33. Qe3
Kg7 34. Qc3+ Kg8 35. b4 h5 36. c5 Qd7 37. Re1 Ng5 38. Kh2 Ne4 39. Qe5 Qd3 40.
Qe8+ Kg7 41. Qe7+ Kh6 42. Qf8+ Kg5 43. Qe7+ Kh6 44. Qf8+ Kh7 45. Qf7+ Kh8
1/2-1/2

[Event "31. Torneo San Viator 2019 - Grupo B"]
[Site "Madrid ESP"]
[Date "2019.10.13"]
[Round "5.22"]
[White "Lavado Peña, David"]
[Black "Gonzalez Reyes, Felix"]
[Result "1-0"]
[WhiteElo "1184"]
[BlackElo "1462"]
[PlyCount "103"]
[EventDate "2019.09.08"]
[EventType "swiss"]
[EventRounds "9"]
[EventCountry "ESP"]
[SourceTitle "Ajedrez en Madrid"]
[Source "lmi"]
[SourceDate "2019.09.08"]
[SourceVersion "1"]
[SourceVersionDate "2019.10.29"]
[SourceQuality "1"]

1. c4 Nf6 2. Nc3 e5 3. g3 d5 4. cxd5 Nxd5 5. Bg2 Nxc3 6. bxc3 c6 7. Nf3 Bd6 8.
O-O O-O 9. d4 e4 10. Ng5 Bf5 11. Nxe4 Bc7 12. Nc5 Qc8 13. Qb3 Bb6 14. Bf4 Bxc5
15. dxc5 Re8 16. Rfe1 Nd7 17. e4 Be6 18. Qb4 b6 19. cxb6 axb6 20. Be3 c5 21.
Qb5 Bxa2 22. c4 Ra5 23. Qb2 Bxc4 24. Rxa5 bxa5 25. Qc3 Qa6 26. Rc1 Be6 27. Ra1
a4 28. Qa3 Bb3 29. Bxc5 Nxc5 30. Qxc5 Qf6 31. Re1 Rd8 32. e5 Qe6 33. Qa5 Qe7
34. Bc6 g6 35. Bxa4 Be6 36. Rc1 Bh3 37. f3 Be6 38. Rc7 Qa3 39. Rc3 Qa1+ 40. Kf2
Rd2+ 41. Ke3 Qe1+ 42. Kf4 Rd4+ 43. Kg5 Qd2+ 44. Kf6 Rf4+ 45. gxf4 Qxf4+ 46. Ke7
Qg5+ 47. Kd6 Qd2+ 48. Kc5 Qd5+ 49. Kb4 Qd4+ 50. Ka3 Qd2 51. Rc8+ Kg7 52. Qxd2
1-0

[Event "31. Torneo San Viator 2019 - Grupo B"]
[Site "Madrid ESP"]
[Date "2019.10.13"]
[Round "5.23"]
[White "Alamo Casanueva, Daniel"]
[Black "Mantecon Soto, Fernando"]
[Result "1/2-1/2"]
[WhiteElo "1449"]
[BlackElo "1330"]
[PlyCount "97"]
[EventDate "2019.09.08"]
[EventType "swiss"]
[EventRounds "9"]
[EventCountry "ESP"]
[SourceTitle "Ajedrez en Madrid"]
[Source "lmi"]
[SourceDate "2019.09.08"]
[SourceVersion "1"]
[SourceVersionDate "2019.10.29"]
[SourceQuality "1"]

1. e4 e6 2. d4 d5 3. e5 c5 4. c3 Nc6 5. Nf3 Qb6 6. Bd3 Bd7 7. Bc2 cxd4 8. cxd4
Nge7 9. Nc3 Ng6 10. Na4 Qc7 11. a3 Be7 12. O-O O-O 13. Bg5 Rac8 14. Rc1 Qd8 15.
Bxe7 Qxe7 16. Nc5 b6 17. Nb7 f6 18. Nd6 Rb8 19. Ba4 Na5 20. Nb5 Bxb5 21. Bxb5
Rbc8 22. Ba6 Rxc1 23. Qxc1 fxe5 24. Nxe5 Nxe5 25. dxe5 Qc5 26. b4 Qxc1 27. Rxc1
Nb3 28. Rc7 Rf7 29. Rc8+ Rf8 30. Rc3 Nd4 31. Kf1 Nf5 32. Bc8 Ne3+ 33. Ke2 Nxg2
34. Bxe6+ Kh8 35. Kf1 Nf4 36. Bd7 d4 37. Rc8 Rxc8 38. Bxc8 Kg8 39. e6 Kf8 40.
Ke1 Ke7 41. Kd2 Nxe6 42. Kd3 Kd6 43. Bxe6 Kxe6 44. Kxd4 Kd6 45. f4 g6 46. b5
Ke6 47. Ke4 h6 48. h4 h5 49. a4 1/2-1/2

[Event "31. Torneo San Viator 2019 - Grupo B"]
[Site "Madrid ESP"]
[Date "2019.10.13"]
[Round "5.24"]
[White "Buzica Patrin, Teo Adrian"]
[Black "Carrera Mellado, Sergio"]
[Result "1-0"]
[WhiteElo "1443"]
[BlackElo "1202"]
[PlyCount "65"]
[EventDate "2019.09.08"]
[EventType "swiss"]
[EventRounds "9"]
[EventCountry "ESP"]
[SourceTitle "Ajedrez en Madrid"]
[Source "lmi"]
[SourceDate "2019.09.08"]
[SourceVersion "1"]
[SourceVersionDate "2019.10.29"]
[SourceQuality "1"]

1. e4 c5 2. Nf3 Nc6 3. d4 cxd4 4. Nxd4 g6 5. Nc3 Bg7 6. Be3 Nf6 7. Be2 O-O 8.
O-O d5 9. exd5 Nb4 10. d6 Qxd6 11. Ndb5 Qb8 12. a3 Nc6 13. Bf3 Rd8 14. Qe2 Be6
15. g3 Nd5 16. Bxd5 Bxd5 17. Rad1 Be6 18. Bf4 Qc8 19. Nc7 Bg4 20. Rxd8+ Nxd8
21. Qxe7 Nc6 22. Qe3 Rb8 23. Re1 b6 24. Na6 Ra8 25. Nc7 Rb8 26. b4 Qb7 27. N3b5
Nd8 28. Nd6 Qxc7 29. Nf5 Qb7 30. Qe8+ Bf8 31. Qxf8+ Kxf8 32. Bh6+ Kg8 33. Re8#
1-0

[Event "31. Torneo San Viator 2019 - Grupo B"]
[Site "Madrid ESP"]
[Date "2019.10.13"]
[Round "5.25"]
[White "Perez Sempere, Alberto"]
[Black "Insua Rodriguez, Antonio"]
[Result "1/2-1/2"]
[WhiteElo "1719"]
[BlackElo "1320"]
[PlyCount "33"]
[EventDate "2019.09.08"]
[EventType "swiss"]
[EventRounds "9"]
[EventCountry "ESP"]
[SourceTitle "Ajedrez en Madrid"]
[Source "lmi"]
[SourceDate "2019.09.08"]
[SourceVersion "1"]
[SourceVersionDate "2019.10.29"]
[SourceQuality "1"]

1. e4 e6 2. d3 d5 3. Nd2 Nf6 4. Ngf3 Nc6 5. g3 dxe4 6. dxe4 e5 7. Bg2 Bc5 8.
O-O O-O 9. c3 a5 10. Qe2 b6 11. Re1 Ba6 12. Qd1 Ng4 13. Nd4 Nxd4 14. cxd4 Qxd4
15. Nf3 Qxd1 16. Rxd1 Nxf2 17. Rd5 1/2-1/2

[Event "31. Torneo San Viator 2019 - Grupo B"]
[Site "Madrid ESP"]
[Date "2019.10.13"]
[Round "5.26"]
[White "Higueruela Fernandez, Mario"]
[Black "Urbelz Perez, Ignacio"]
[Result "1-0"]
[WhiteElo "1131"]
[BlackElo "1551"]
[PlyCount "63"]
[EventDate "2019.09.08"]
[EventType "swiss"]
[EventRounds "9"]
[EventCountry "ESP"]
[SourceTitle "Ajedrez en Madrid"]
[Source "lmi"]
[SourceDate "2019.09.08"]
[SourceVersion "1"]
[SourceVersionDate "2019.10.29"]
[SourceQuality "1"]

1. e4 c6 2. Nc3 d5 3. Nf3 Bg4 4. h3 Bh5 5. d4 Bxf3 6. Qxf3 dxe4 7. Nxe4 Qxd4 8.
Be3 Qd8 9. Bc4 e6 10. Rd1 Nd7 11. Bg5 Ngf6 12. O-O Be7 13. Rfe1 Nxe4 14. Bxe7
Qxe7 15. Qxe4 Nf6 16. Qe5 O-O 17. Rd3 Rad8 18. Qe3 Rxd3 19. Bxd3 a6 20. Rd1 Rd8
21. Qg5 g6 22. b3 Nd5 23. Qxe7 Nxe7 24. a4 a5 25. g4 g5 26. Bxh7+ Kxh7 27. Rxd8
Nd5 28. Rb8 b6 29. Rc8 Nb4 30. c3 Nd5 31. Rxc6 Kg6 32. c4 1-0

[Event "31. Torneo San Viator 2019 - Grupo B"]
[Site "Madrid ESP"]
[Date "2019.10.13"]
[Round "5.27"]
[White "Mangas Perez, Roberto"]
[Black "Rendo Quindos, Pedro"]
[Result "0-1"]
[WhiteElo "1082"]
[BlackElo "1501"]
[PlyCount "134"]
[EventDate "2019.09.08"]
[EventType "swiss"]
[EventRounds "9"]
[EventCountry "ESP"]
[SourceTitle "Ajedrez en Madrid"]
[Source "lmi"]
[SourceDate "2019.09.08"]
[SourceVersion "1"]
[SourceVersionDate "2019.10.29"]
[SourceQuality "1"]

1. d4 Nf6 2. c4 g6 3. Nc3 Bg7 4. Nf3 O-O 5. e4 d6 6. Bg5 c5 7. d5 Nbd7 8. g3
Ng4 9. Bg2 Nge5 10. b3 Nxf3+ 11. Qxf3 Bxc3+ 12. Qxc3 f6 13. Bh6 Rf7 14. O-O Ne5
15. Bf4 Qf8 16. Bxe5 fxe5 17. f3 Qh6 18. g4 b6 19. Qe1 Qf4 20. Qg3 Qe3+ 21. Rf2
Qd4 22. Raf1 Ba6 23. g5 b5 24. cxb5 Bxb5 25. Rc1 Raf8 26. Kh1 Qe3 27. Rg1 Bd3
28. a4 Bxe4 29. Rgf1 Bxd5 30. f4 Bxg2+ 31. Kxg2 exf4 32. Rxf4 Qxg3+ 33. hxg3
Rxf4 34. gxf4 Rb8 35. Re1 Kf7 36. Rb1 Rb4 37. Kf3 c4 38. Ke2 Rxb3 39. Rc1 d5
40. Rh1 Kg7 41. Rd1 Rd3 42. Rb1 Rb3 43. Rd1 e6 44. a5 Kf7 45. Rh1 Kg7 46. Rd1
h6 47. gxh6+ Kxh6 48. Rh1+ Kg7 49. Kd2 Ra3 50. Re1 Kf6 51. Re5 Rxa5 52. Kc3
Ra3+ 53. Kb2 Rf3 54. Re1 c3+ 55. Kc2 d4 56. f5 gxf5 57. Rh1 Rg3 58. Rh6+ Rg6
59. Rh4 e5 60. Rh7 e4 61. Rxa7 Rg2+ 62. Kc1 d3 63. Ra6+ Kg5 64. Kb1 Rg1+ 65.
Ka2 c2 66. Rb6 c1=Q 67. Rb3 Qa1# 0-1

[Event "31. Torneo San Viator 2019 - Grupo B"]
[Site "Madrid ESP"]
[Date "2019.10.13"]
[Round "5.32"]
[White "Perez Ramos, Miguel Angel"]
[Black "Acebes Moran, Roberto"]
[Result "1-0"]
[WhiteElo "1128"]
[BlackElo "1034"]
[PlyCount "51"]
[EventDate "2019.09.08"]
[EventType "swiss"]
[EventRounds "9"]
[EventCountry "ESP"]
[SourceTitle "Ajedrez en Madrid"]
[Source "lmi"]
[SourceDate "2019.09.08"]
[SourceVersion "1"]
[SourceVersionDate "2019.10.29"]
[SourceQuality "1"]

1. e4 e5 2. Nf3 Nc6 3. Bc4 Nf6 4. d3 h6 5. a3 Be7 6. h3 O-O 7. Be3 b6 8. Nc3
Bb7 9. O-O Bc5 10. d4 exd4 11. Bxd4 Bxd4 12. Nxd4 Qe8 13. Re1 Qe5 14. Nf3 Qd6
15. Bd5 Rae8 16. b4 Ba8 17. Nb5 Qf4 18. g3 Qxf3 19. Qxf3 Nxd5 20. exd5 Rxe1+
21. Rxe1 Ne7 22. Rxe7 c6 23. Nc7 Bb7 24. Qe3 cxd5 25. Re8 Bc6 26. Rxf8+ 1-0

[Event "31. Torneo San Viator 2019 - Grupo B"]
[Site "Madrid ESP"]
[Date "2019.10.13"]
[Round "5.33"]
[White "Martin Sanchez, Ivan"]
[Black "Garcia Serrano, Alfredo"]
[Result "0-1"]
[WhiteElo "1095"]
[BlackElo "1034"]
[PlyCount "34"]
[EventDate "2019.09.08"]
[EventType "swiss"]
[EventRounds "9"]
[EventCountry "ESP"]
[SourceTitle "Ajedrez en Madrid"]
[Source "lmi"]
[SourceDate "2019.09.08"]
[SourceVersion "1"]
[SourceVersionDate "2019.10.29"]
[SourceQuality "1"]

1. d4 d6 2. e3 Nc6 3. Bd3 g6 4. Nf3 Bg7 5. c3 b6 6. Nbd2 Nf6 7. O-O O-O 8. Re1
Bb7 9. e4 a5 10. d5 Nb8 11. e5 dxe5 12. Rxe5 Nxd5 13. Rg5 Bh6 14. Rg4 Nf6 15.
Rg3 Qxd3 16. Ne5 Qd6 17. Ndc4 Qxd1# 0-1

[Event "31. Torneo San Viator 2019 - Grupo B"]
[Site "Madrid ESP"]
[Date "2019.10.20"]
[Round "6.1"]
[White "Arias Cusio, Oscar"]
[Black "Jimenez Gonzalez, Marcos"]
[Result "0-1"]
[WhiteElo "1690"]
[BlackElo "1732"]
[PlyCount "56"]
[EventDate "2019.09.08"]
[EventType "swiss"]
[EventRounds "9"]
[EventCountry "ESP"]
[SourceTitle "Ajedrez en Madrid"]
[Source "lmi"]
[SourceDate "2019.09.08"]
[SourceVersion "1"]
[SourceVersionDate "2019.10.29"]
[SourceQuality "1"]

1. e4 c6 2. Nc3 d5 3. Nf3 Bg4 4. exd5 cxd5 5. h3 Bxf3 6. Qxf3 Nf6 7. Bb5+ Nc6
8. g4 e6 9. g5 Nd7 10. Bxc6 bxc6 11. d4 Bd6 12. O-O O-O 13. h4 e5 14. h5 exd4
15. Ne2 Ne5 16. Qh3 f5 17. Nxd4 Qd7 18. f4 Ng4 19. Bd2 Rae8 20. Rae1 Re4 21.
Rxe4 dxe4 22. b4 Kh8 23. h6 Be5 24. Nb3 Bd4+ 25. Kg2 e3 26. Nxd4 Qxd4 27. Bc1
e2 28. Rg1 Qxg1+ 0-1

[Event "31. Torneo San Viator 2019 - Grupo B"]
[Site "Madrid ESP"]
[Date "2019.10.20"]
[Round "6.2"]
[White "Caamaño Jimenez, Luis"]
[Black "Giron Herranz, Juan"]
[Result "0-1"]
[WhiteElo "1699"]
[BlackElo "1439"]
[PlyCount "64"]
[EventDate "2019.09.08"]
[EventType "swiss"]
[EventRounds "9"]
[EventCountry "ESP"]
[SourceTitle "Ajedrez en Madrid"]
[Source "lmi"]
[SourceDate "2019.09.08"]
[SourceVersion "1"]
[SourceVersionDate "2019.10.29"]
[SourceQuality "1"]

1. Nf3 Nf6 2. b3 d6 3. Bb2 e5 4. e3 Nc6 5. Be2 Bf5 6. O-O Be7 7. d3 Qd7 8. e4
Be6 9. Nc3 O-O-O 10. Ng5 Nd4 11. Nxe6 fxe6 12. Nb1 g5 13. Bxd4 exd4 14. c3 dxc3
15. Nxc3 h5 16. Rc1 g4 17. g3 h4 18. Qc2 Rh7 19. Kg2 Rdh8 20. Rh1 Bd8 21. d4 a6
22. Nd1 hxg3 23. fxg3 Rh6 24. Ne3 Qh7 25. Nf1 Nxe4 26. Bxg4 Rf6 27. Bf3 Qh3+
28. Kg1 Rxf3 29. Qxe4 Rhf8 30. Ne3 Rxg3+ 31. hxg3 Qxg3+ 32. Ng2 Qf2+ 0-1

[Event "31. Torneo San Viator 2019 - Grupo B"]
[Site "Madrid ESP"]
[Date "2019.10.20"]
[Round "6.3"]
[White "Rey Martinez, Jaime"]
[Black "Del Noval Nemeshazi, Mario"]
[Result "1-0"]
[WhiteElo "1564"]
[BlackElo "1577"]
[PlyCount "71"]
[EventDate "2019.09.08"]
[EventType "swiss"]
[EventRounds "9"]
[EventCountry "ESP"]
[SourceTitle "Ajedrez en Madrid"]
[Source "lmi"]
[SourceDate "2019.09.08"]
[SourceVersion "1"]
[SourceVersionDate "2019.10.29"]
[SourceQuality "1"]

1. e4 e5 2. Nf3 Nc6 3. Bb5 Bc5 4. c3 Nge7 5. O-O Bb6 6. d4 exd4 7. cxd4 d5 8.
exd5 Nxd5 9. Re1+ Be6 10. Bg5 Qd6 11. Nbd2 O-O 12. Nc4 Qb4 13. a4 a6 14. Bxc6
bxc6 15. Nfe5 Nf6 16. Rc1 Bxc4 17. Rxc4 Qxb2 18. Bxf6 gxf6 19. Nd7 Rfd8 20.
Nxf6+ Kg7 21. Qg4+ Kxf6 22. Rxc6+ Rd6 23. Rxd6+ cxd6 24. Qf3+ Kg7 25. Qxa8 Qd2
26. Rf1 Qd3 27. d5 Qc4 28. Qc6 Bc5 29. h3 h5 30. h4 Kg6 31. a5 Kf6 32. Qb7 Bd4
33. Re1 Kg7 34. Qe7 Qa2 35. Qg5+ Kh7 36. Qxh5+ 1-0

[Event "31. Torneo San Viator 2019 - Grupo B"]
[Site "Madrid ESP"]
[Date "2019.10.20"]
[Round "6.4"]
[White "Merino Araguas, Jose Javier"]
[Black "Duran Andres, Rodrigo"]
[Result "1/2-1/2"]
[WhiteElo "1701"]
[BlackElo "1460"]
[PlyCount "77"]
[EventDate "2019.09.08"]
[EventType "swiss"]
[EventRounds "9"]
[EventCountry "ESP"]
[SourceTitle "Ajedrez en Madrid"]
[Source "lmi"]
[SourceDate "2019.09.08"]
[SourceVersion "1"]
[SourceVersionDate "2019.10.29"]
[SourceQuality "1"]

1. d4 Nf6 2. Bf4 d5 3. e3 e6 4. Bd3 b6 5. Nd2 Nbd7 6. h3 Bb7 7. Ngf3 c5 8. c3
Be7 9. O-O O-O 10. Bh2 Ne4 11. Ne5 Ndf6 12. Ndf3 Qc8 13. Re1 Ba6 14. Bxa6 Qxa6
15. Nc6 Qb7 16. Nxe7+ Qxe7 17. Ne5 c4 18. f3 Nd6 19. Qa4 Rfc8 20. Rac1 Qd8 21.
Qc2 b5 22. Qf2 Nfe8 23. Qe2 a5 24. a3 Nf6 25. Qf2 Ra7 26. Ra1 Qb6 27. Qg3 a4
28. Qf2 Re8 29. Qc2 Qb7 30. Rad1 Ra6 31. Qe2 Raa8 32. Qf2 Re7 33. Qh4 Rd8 34.
Qf2 h6 35. Qh4 Rde8 36. Re2 Nd7 37. Ng4 Nf5 38. Qe1 Qc6 39. e4 1/2-1/2

[Event "31. Torneo San Viator 2019 - Grupo B"]
[Site "Madrid ESP"]
[Date "2019.10.20"]
[Round "6.5"]
[White "Sanchez Rivero, Miguel"]
[Black "San Felipe Gonzalez, Tomas"]
[Result "1-0"]
[WhiteElo "1581"]
[BlackElo "1673"]
[PlyCount "47"]
[EventDate "2019.09.08"]
[EventType "swiss"]
[EventRounds "9"]
[EventCountry "ESP"]
[SourceTitle "Ajedrez en Madrid"]
[Source "lmi"]
[SourceDate "2019.09.08"]
[SourceVersion "1"]
[SourceVersionDate "2019.10.29"]
[SourceQuality "1"]

1. e4 c5 2. f4 Nc6 3. Nf3 a6 4. a4 d6 5. Bc4 Nf6 6. Nc3 e6 7. d3 Be7 8. O-O Qc7
9. Qe2 O-O 10. h3 b6 11. g4 Nd7 12. f5 Nce5 13. Be3 exf5 14. Nxe5 Nxe5 15. Nd5
Qd8 16. gxf5 Bf6 17. c3 Re8 18. Qg2 Bd7 19. Nxf6+ Qxf6 20. Bg5 Nf3+ 21. Rxf3
Qe5 22. f6 Rab8 23. fxg7 b5 24. Bxf7+ 1-0

[Event "31. Torneo San Viator 2019 - Grupo B"]
[Site "Madrid ESP"]
[Date "2019.10.20"]
[Round "6.6"]
[White "Arce Escobedo, Julio"]
[Black "Martinez Martinez, Javier II"]
[Result "0-1"]
[WhiteElo "1664"]
[BlackElo "1558"]
[PlyCount "56"]
[EventDate "2019.09.08"]
[EventType "swiss"]
[EventRounds "9"]
[EventCountry "ESP"]
[SourceTitle "Ajedrez en Madrid"]
[Source "lmi"]
[SourceDate "2019.09.08"]
[SourceVersion "1"]
[SourceVersionDate "2019.10.29"]
[SourceQuality "1"]

1. e4 e5 2. Nf3 Nc6 3. Bc4 Bc5 4. c3 d6 5. a4 a5 6. h3 Nf6 7. d3 Be6 8. Nbd2
Bxc4 9. Nxc4 O-O 10. Bg5 Re8 11. O-O h6 12. Bh4 g5 13. Bg3 Qd7 14. Ne3 g4 15.
hxg4 Nxg4 16. Nf5 Re6 17. N3h4 h5 18. Qd2 Rg6 19. Nxg6 fxg6 20. Nh6+ Kh7 21.
Nxg4 Qxg4 22. Rae1 Qxg3 23. Kh1 Qh4+ 24. Kg1 Rf8 25. g3 Qxg3+ 26. Kh1 Qh3+ 27.
Kg1 Qg4+ 28. Kh2 Rf3 0-1

[Event "31. Torneo San Viator 2019 - Grupo B"]
[Site "Madrid ESP"]
[Date "2019.10.20"]
[Round "6.8"]
[White "Gil Calvente, Jose Antonio"]
[Black "Buzica Patrin, Teo Adrian"]
[Result "1-0"]
[WhiteElo "1666"]
[BlackElo "1443"]
[PlyCount "49"]
[EventDate "2019.09.08"]
[EventType "swiss"]
[EventRounds "9"]
[EventCountry "ESP"]
[SourceTitle "Ajedrez en Madrid"]
[Source "lmi"]
[SourceDate "2019.09.08"]
[SourceVersion "1"]
[SourceVersionDate "2019.10.29"]
[SourceQuality "1"]

1. d4 d5 2. Nf3 Nf6 3. e3 e6 4. Bd3 c5 5. b3 Nc6 6. O-O Be7 7. a3 O-O 8. Bb2 b6
9. Ne5 Bb7 10. Nd2 Qc7 11. f4 Rac8 12. Rf3 Ne4 13. Rh3 Nf6 14. Bxh7+ Kh8 15.
Ng4 g6 16. Nxf6 Bxf6 17. Bxg6+ Kg7 18. Rh7+ Kg8 19. Qg4 Bg7 20. Rxg7+ Kxg7 21.
Bd3+ Kh8 22. Qh5+ Kg7 23. Qg5+ Kh8 24. Qh6+ Kg8 25. Qh7# 1-0